000 00688nam a2200241Ia 4500
003 OSt
005 20220928124001.0
006 a|||||r|||| 00| 0
007 ta
008 220927b |||||||| |||| 00| 0 eng d
024 _a43287
037 _cTextual
040 _aSDCL
_cSDCL
_beng
041 _2eng
_aeng
082 _aU287, N8
100 _aJepma Catrinus J
_9462993
245 0 _aClimate change policy
_b Facts, issues and analyses.
260 _aCambridge
_bCambridge University Press
_c1998
300 _axv,331p.
_ccm.
700 _a Munasinghe Mohan
942 _hU287, N8
_cTEXL
_2CC
999 _c775944
_d775944